[Event "Delft Prinsenstad op-C"]
[Site "Delft"]
[Date "2012.04.07"]
[Round "2"]
[White "Meijer, Wim"]
[Black "Geene, Joris"]
[Result "0-1"]
[WhiteElo "1400"]
[BlackElo "1582"]
[PlyCount "40"]
[EventDate "2012.04.06"]
[EventType "swiss"]
[EventRounds "6"]
[EventCountry "NED"]
[SourceTitle "EXT 2013"]
[Source "ChessBase"]
[SourceDate "2012.11.22"]
[SourceVersion "1"]
[SourceVersionDate "2012.11.22"]
[SourceQuality "1"]

1. e4 e5 2. Nf3 Nc6 3. Bc4 Bc5 4. d3 Nf6 5. Bg5 d6 6. 0-0 Bg4 7. h3 Bh5 8. Nbd2 Rg8 9. c3 Qd7 10. Qb3 0-0-0 11. Nh4 h6 12. Bxf6 gxf6 13. Nf5 Bg6 14. Nxh6 Rg7 15. g4 Rh8 16. Nf5 Bxf5 17. exf5 Qxf5 18. Ne4 Qxg4+ 19. hxg4 Rxg4+ 20. Ng3 Rxg3# 0-1